01072nam a2200313 c 450000100060000000300100000600500170001600700030003300800410003602000180007704000350009504100080013004300120013808200210015010000360017124501050020725000220031226400560033430000470039033600270043733700330046433800280049752100530052553400340057865000320061265000310064465000420067570000410071759810CO-BoRNBP20251106204524.0ta180815s2018 sp a gr 000 0 spa d a9788494728464 aCO-BoRNBPbspaerdacCO-BoRNBP0 aspa as-ck---04a580.74bB17h223 aBarman, Adrienne,d1979- ,eaut10aHerbario /cAdrienne Barman ; traducción y asesoría científica José Luis Villanueva Cañas. aPrimera edición 1aBarcelona, España :bLibros del Zorro Rojo,c2018 a192 [8] páginas :bilustraciones a color atextobtxt2rdacontent asin mediaciónbn2rdamedia avolumenbnc2rdacarrier aRecomendado para un público mayor de 12 años tDrole d'encyclopedie vegetale07aBotánicavÁlbumes2LEMB07aHerbariosvÁlbumes2lemb07aPlantasxEnseñanzavÁlbumes2LEMB aVillanueva Cañas, José Luisetrl